000 00355nam a2200133Ia 4500
008 240624s9999 xx 000 0 und d
041 _aeng
082 _a300.72 SUL
100 _aSULLIVAN PAUL
245 _aQUALITATIVE DATA ANALYSIS USING A DIALOG
260 _c2012
_aLondon
_bSage Publications
300 _ax, : 189 : p. : cm. ; 23
365 _cGBP
_b38
999 _c21645
_d21645